00533 2200145 4500245011000000250001100110110008000121650001800201005001900219260009500238041001400333084001000347300002100357336000900378 aJakartamu Jakarta KitacDinas Komunikasi, Informatika dan Kehumasan Pemerintah Provinsi DKI JakartahText aCet. 1 aDinas Komunikasi, Informatika dan Kehumasan Pemerintah Provinsi DKI Jakarta aKomik Jakarta a20230217100600 aJakartabDinas Komunikasi, Informatika dan Kehumasan Pemerintah Provinsi DKI Jakartac2011 aIndonesia a741.5 a64 hlm. :cilus. atext